Kinh tế và Dự báo = Economy and Forecast Review /
Đã lưu trong:
| Tác giả của công ty: | |
|---|---|
| Định dạng: | Tạp chí |
| Ngôn ngữ: | Vietnamese |
| Được phát hành: |
H. :
Bộ Kế hoạch và Đầu Tư,
1995 -
|
| Những chủ đề: | |
| Các nhãn: |
Thêm thẻ
Không có thẻ, Là người đầu tiên thẻ bản ghi này!
|
| Thư viện lưu trữ: | Thư viện Trường Đại học Đà Lạt |
|---|
| LEADER | 01025nam a2200361 4500 | ||
|---|---|---|---|
| 001 | DLU040026224 | ||
| 022 | # | # | |a 08667120 |
| 040 | # | # | |a DLU |b vie |
| 041 | # | # | |a vie |
| 245 | # | # | |a Kinh tế và Dự báo = |b Economy and Forecast Review / |c Bộ Kế hoạch và Đầu Tư |
| 246 | # | # | |a Economy and Forecast Review |
| 260 | # | # | |a H. : |b Bộ Kế hoạch và Đầu Tư, |c 1995 - |
| 300 | # | # | |a 39tr. ; |c 29cm |
| 310 | # | # | |a hàng tháng |
| 653 | # | # | |a Dự án Kinh tế |
| 653 | # | # | |a Dự báo kinh tế |
| 653 | # | # | |a Kinh tế |
| 653 | # | # | |a Phát triển bền vững |
| 653 | # | # | |a Phát triển cộng đồng |
| 653 | # | # | |a Phát triển kinh tế |
| 653 | # | # | |a Phát triển miền núi |
| 653 | # | # | |a Phát triển nông thôn |
| 653 | # | # | |a Xoá đói giảm nghèo |
| 710 | # | # | |a Bộ Kế hoạch và Đầu Tư |
| 992 | # | # | |a 0 |
| 994 | # | # | |a DLU |
| 900 | # | # | |a True |
| 911 | # | # | |a Lê Thị Mạnh Xuân |
| 925 | # | # | |a G |
| 926 | # | # | |a A |
| 927 | # | # | |a TT |
| 980 | # | # | |a Thư viện Trường Đại học Đà Lạt |